| 000 | 00694nam a2200229 a 4500 | ||
|---|---|---|---|
| 001 | BRCA_6943 | ||
| 005 | 20190320205642.0 | ||
| 008 | 171111s1945----u--abc####---#000-0#eng-# | ||
| 041 | _aeng | ||
| 044 | _au | ||
| 050 | 4 |
_aDS465 _b.W55 1945 |
|
| 100 | 1 |
_aWilbur, Marguerite Eyer _917298 |
|
| 245 | 1 | 0 |
_aThe East India Company and the British Empire in the Far East _cby Marguerite Eyer Wilbur |
| 260 |
_aNueva York _bRichard R. Smith _c1945 |
||
| 300 |
_axiii, 477 p. _bil., mapas _c24 cm. |
||
| 500 | _aO173 | ||
| 650 | 1 | 4 |
_aEast India Company (Inglesa) _917299 |
| 650 | 1 | 4 |
_aBritánicos en la India _917300 |
| 651 | 4 |
_aIndia _xPolĂtica y gobierno _917301 |
|
| 902 | _aGFM | ||
| 942 |
_2lcc _cB |
||
| 999 |
_c6625 _d6625 |
||